header

Web site design is communication design (Record no. 1460)

MARC details
000 -LEADER
fixed length control field 01371pam a2200349Ia 4500
082 04 - DEWEY DECIMAL CLASSIFICATION NUMBER
Classification number 005.7/2
100 1# - MAIN ENTRY--AUTHOR NAME
Personal name Geest, Thea van der,
245 10 - TITLE STATEMENT
Title Web site design is communication design
260 ## - PUBLICATION, DISTRIBUTION, ETC. (IMPRINT)
Place of publication Philadelphia :
Name of publisher John Benjamins Pub. Co.,
Year of publication c2001.
300 ## - PHYSICAL DESCRIPTION
Number of Pages vii, 165 p. :
Other physical details ill., maps.
490 1# - SERIES STATEMENT
Series statement Document design companion series ;
650 #0 - SUBJECT ADDED ENTRY--TOPICAL TERM
Topical Term Web sites
Topical Term Business communication.
856 40 - ELECTRONIC LOCATION AND ACCESS
Uniform Resource Identifier http://site.ebrary.com/lib/rucke/Doc?id=5004961

No items available.

© 2026 Rongo University
Contact us: librarian | system librarian | Rongo university